Development : (Record no. 5775)

MARC details
000 -LEADER
fixed length control field 00599nam a22002057a 4500
001 - CONTROL NUMBER
control field BD-DhSAU 5775
003 - CONTROL NUMBER IDENTIFIER
control field BD-DhSAU
005 - DATE AND TIME OF LATEST TRANSACTION
control field 20150422163659.0
008 - FIXED-LENGTH DATA ELEMENTS--GENERAL INFORMATION
fixed length control field 150422b1986 ii ||||| |||| 001 0 eng d
020 ## - INTERNATIONAL STANDARD BOOK NUMBER
International Standard Book Number 8170330203
040 ## - CATALOGING SOURCE
Original cataloging agency BD-DhSAU
082 ## - DEWEY DECIMAL CLASSIFICATION NUMBER
Edition number 22
Classification number 303.44
Item number DED
245 ## - TITLE STATEMENT
Title Development :
Remainder of title socio-cultural dimensions /
Statement of responsibility, etc. Edited by Sharma.
260 ## - PUBLICATION, DISTRIBUTION, ETC. (IMPRINT)
Place of publication, distribution, etc. Jaipur, India :
Name of publisher, distributor, etc. Rawat Publications ,
Date of publication, distribution, etc. 1986.
300 ## - PHYSICAL DESCRIPTION
Extent ix, 262 p.,
Other physical details Tables ;
Dimensions 22 cm.
504 ## - BIBLIOGRAPHY, ETC. NOTE
Bibliography, etc Includes index.
590 ## - Name of Cataloguer
Name of Cataloger Shahriar
650 ## - SUBJECT ADDED ENTRY--TOPICAL TERM
Topical term or geographic name as entry element Economic conditions.
Geographic subdivision India
650 ## - SUBJECT ADDED ENTRY--TOPICAL TERM
Topical term or geographic name as entry element Agricultural Extension.
942 ## - ADDED ENTRY ELEMENTS (KOHA)
Source of classification or shelving scheme Dewey Decimal Classification
Koha item type Book
Holdings
Withdrawn status Lost status Source of classification or shelving scheme Damaged status Not for loan Collection code Home library Branch Name Shelving location Date acquired Total Checkouts Full call number Barcode Date last seen Price effective from Koha item type
    Dewey Decimal Classification   Not For Loan Reference SAU Library SAU Library Reference 30/06/1992   303.44 DED 22417 22/04/2015 22/04/2015 Book